000 00721nam a22002177a 4500
003 UA-OsUOA
001 102427
007 ta
008 20130913b un ||||| |||| 00| 0 ukr d
100 _aРедька Т.
090 _a81
_bР33
942 _cSA
040 _aUA-OsUOA
_bukr
_cUA-OsUOA
_dUA-OsUOA
245 _aПрактична стилістика на уроках української мови та літератури
300 _aС.24-31
955 _a0
041 _aukr
080 _a81
773 0 _w102425
_tУкраїнська мова та література
_dК.
_d2013
_g17
650 7 _a8 Мовознавство. Художня література. Літературознавство
_2UDC
999 _c388647
_d388647